[Event "Sarajevo Causevic Memorial Blitz op"]
[Site "Sarajevo"]
[Date "2025.05.25"]
[Round "4"]
[White "Burovic, Rijad"]
[Black "Stojanovic, Dalibor"]
[Result "1/2-1/2"]
[WhiteElo "2427"]
[BlackElo "2434"]
[PlyCount "106"]
[EventDate "2025.05.25"]
[EventType "swiss (blitz)"]
[EventRounds "11"]
[EventCountry "BIH"]
[SourceTitle "CB22_2025"]
[SourceDate "2025.05.28"]
[SourceVersion "1"]
[SourceVersionDate "2025.05.28"]
[SourceQuality "1"]

1. e4 g6 2. d4 Bg7 3. Nc3 c5 4. dxc5 Bxc3+ 5. bxc3 Qa5 6. Ne2 Nf6 7. e5 Ne4 8. Qd4 Nxc5 9. e6 f6 10. exd7+ Bxd7 11. Be3 b6 12. Qb4 Nc6 13. Qxa5 Nxa5 14. Bxc5 bxc5 15. Nf4 e5 16. Nd5 Kf7 17. 0-0-0 Be6 18. Nc7 Rad8 19. Nxe6 Kxe6 20. Bb5 Ke7 21. Rhe1 Rxd1+ 22. Kxd1 Rb8 23. a4 Rb6 24. Kc1 Nb7 25. Bf1 Nd6 26. Rd1 Nb7 27. g3 f5 28. Re1 Kf6 29. Rd1 Rd6 30. Re1 e4 31. Bg2 Na5 32. f3 exf3 33. Bxf3 Nc4 34. Re8 Ne5 35. Be2 Re6 36. Rc8 Rc6 37. Ra8 Rc7 38. Kd2 g5 39. Ke3 Re7 40. Kf2 f4 41. gxf4 gxf4 42. Rc8 h5 43. h3 Kg5 44. Rxc5 Kh4 45. Rb5 Kxh3 46. Bxh5 Kh4 47. Be2 Ng4+ 48. Bxg4 Kxg4 49. Rb8 Rc7 50. Rg8+ Kf5 51. Rf8+ Ke4 52. Re8+ Kf5 53. Rf8+ Ke5 1/2-1/2

[Event "Sarajevo Causevic Memorial Blitz op"]
[Site "Sarajevo"]
[Date "2025.05.25"]
[Round "5"]
[White "Stojanovic, Dalibor"]
[Black "Kadric, Denis"]
[Result "1/2-1/2"]
[WhiteElo "2434"]
[BlackElo "2536"]
[PlyCount "62"]
[EventDate "2025.05.25"]
[EventType "swiss (blitz)"]
[EventRounds "11"]
[EventCountry "BIH"]
[SourceTitle "CB22_2025"]
[SourceDate "2025.05.28"]
[SourceVersion "1"]
[SourceVersionDate "2025.05.28"]
[SourceQuality "1"]

1. e4 d6 2. d4 g6 3. Nc3 Bg7 4. Be3 a6 5. Nf3 Nd7 6. Qd2 b5 7. Bd3 Bb7 8. a4 b4 9. Ne2 c5 10. c3 bxc3 11. bxc3 Ngf6 12. Ng3 h5 13. Bg5 Nh7 14. Bh6 Kf8 15. 0-0 Nhf6 16. Bxg7+ Kxg7 17. Rab1 Rb8 18. Qg5 e6 19. Rfd1 Bc6 20. Rxb8 Qxb8 21. a5 Qb3 22. Rc1 Qa3 23. Rd1 Qa4 24. Rc1 Qxa5 25. e5 dxe5 26. dxe5 Ng4 27. Bxg6 fxg6 28. Qe7+ Kh6 29. Qg5+ Kg7 30. Qe7+ Kh6 31. Qg5+ Kg7 1/2-1/2

[Event "Sarajevo Causevic Memorial Blitz op"]
[Site "Sarajevo"]
[Date "2025.05.25"]
[Round "9"]
[White "Stojanovic, Dalibor"]
[Black "Kamberovic, Senad"]
[Result "1-0"]
[WhiteElo "2434"]
[BlackElo "2200"]
[PlyCount "51"]
[EventDate "2025.05.25"]
[EventType "swiss (blitz)"]
[EventRounds "11"]
[EventCountry "BIH"]
[SourceTitle "CB22_2025"]
[SourceDate "2025.05.28"]
[SourceVersion "1"]
[SourceVersionDate "2025.05.28"]
[SourceQuality "1"]

1. e4 c6 2. d4 d5 3. e5 Bf5 4. h4 h5 5. c4 e6 6. Nc3 Be7 7. g3 Bg4 8. f3 Bf5 9. cxd5 cxd5 10. Bd3 Bxd3 11. Qxd3 Nc6 12. Nge2 Qb6 13. a3 Nh6 14. Bxh6 Rxh6 15. b4 Rc8 16. Na4 Qc7 17. Rc1 a6 18. f4 Rg6 19. Kf2 Rg4 20. Rc3 f6 21. Qh7 Kf7 22. Qxh5+ Rg6 23. f5 exf5 24. Nf4 Qd8 25. e6+ Kg8 26. Nxg6 1-0

[Event "Sarajevo Causevic Memorial Blitz op"]
[Site "Sarajevo"]
[Date "2025.05.25"]
[Round "1"]
[White "Stojanovic, Dalibor"]
[Black "Runic, Zoran"]
[Result "1-0"]
[WhiteElo "2434"]
[BlackElo "2207"]
[PlyCount "53"]
[EventDate "2025.05.25"]
[EventType "swiss (blitz)"]
[EventRounds "11"]
[EventCountry "BIH"]
[SourceTitle "CB22_2025"]
[SourceDate "2025.05.28"]
[SourceVersion "1"]
[SourceVersionDate "2025.05.28"]
[SourceQuality "1"]

1. e4 d6 2. Nc3 g6 3. d4 Bg7 4. Nf3 e6 5. Be3 Ne7 6. Qd2 h6 7. Bd3 a6 8. a4 b6 9. 0-0 Nd7 10. Ne2 Bb7 11. c3 Nf6 12. Ng3 Ng4 13. h3 Nxe3 14. Qxe3 h5 15. Rfe1 h4 16. Nf1 c5 17. N1h2 Ng8 18. e5 Nh6 19. Rad1 dxe5 20. dxe5 Qe7 21. Be4 Nf5 22. Qe2 Qc7 23. Ng4 Ke7 24. Bxb7 Qxb7 25. Qd2 Rhd8 26. Qg5+ Kf8 27. Rxd8+ 1-0

[Event "Senta Fantastico GM Mix 02"]
[Site "Senta"]
[Date "2025.02.12"]
[Round "2"]
[White "Jin, Hongtao"]
[Black "Stojanovic, Dalibor"]
[Result "1/2-1/2"]
[WhiteElo "2240"]
[BlackElo "2449"]
[PlyCount "44"]
[EventDate "2025.02.11"]
[EventType "swiss"]
[EventRounds "9"]
[EventCountry "SRB"]
[SourceTitle "CB09_2025"]
[SourceDate "2025.02.27"]
[SourceVersion "1"]
[SourceVersionDate "2025.02.27"]
[SourceQuality "1"]

1. e4 e5 2. Nf3 Nc6 3. Bb5 a6 4. Ba4 Nf6 5. 0-0 d6 6. Re1 Bd7 7. c3 g6 8. d4 Bg7 9. h3 0-0 10. Bc2 Re8 11. d5 Nb8 12. Be3 a5 13. Qd2 Na6 14. c4 c5 15. Nc3 Rf8 16. Nh2 Ne8 17. Nd1 f5 18. exf5 gxf5 19. Bg5 Bf6 20. Bh6 Bg7 21. Bg5 Bf6 22. Bh6 Bg7 1/2-1/2

[Event "Senta Fantastico op 03"]
[Site "Senta"]
[Date "2025.02.08"]
[Round "6.6"]
[White "Gusev, Mikhail"]
[Black "Stojanovic, Dalibor"]
[Result "1/2-1/2"]
[WhiteElo "2273"]
[BlackElo "2449"]
[PlyCount "32"]
[EventDate "2025.02.05"]
[EventType "swiss"]
[EventRounds "9"]
[EventCountry "SRB"]
[SourceTitle "CB08_2025"]
[SourceDate "2025.02.19"]
[SourceVersion "1"]
[SourceVersionDate "2025.02.19"]
[SourceQuality "1"]

1. e4 e5 2. Nf3 Nc6 3. Bb5 a6 4. Ba4 d6 5. 0-0 Bd7 6. c3 Nge7 7. d4 Ng6 8. Be3 Be7 9. d5 Nb8 10. Bc2 a5 11. c4 Na6 12. a3 0-0 13. Nc3 Nh4 14. Nxh4 Bxh4 15. Rb1 Bg5 16. Qd2 h6 1/2-1/2

[Event "Sarajevo Agentlocator"]
[Site "Sarajevo"]
[Date "2024.12.22"]
[Round "11"]
[White "Stojanovic, Dalibor"]
[Black "Burovic, Rijad"]
[Result "1-0"]
[WhiteElo "2446"]
[BlackElo "2427"]
[PlyCount "53"]
[EventDate "2024.12.20"]
[EventType "tourn (rapid)"]
[EventRounds "11"]
[EventCountry "BIH"]
[EventCategory "7"]
[SourceTitle "CB52_2024"]
[SourceDate "2024.12.25"]
[SourceVersion "1"]
[SourceVersionDate "2024.12.25"]
[SourceQuality "1"]

1. e4 c6 2. d4 d5 3. Nc3 dxe4 4. Nxe4 Nf6 5. Nxf6+ exf6 6. c3 Bd6 7. Bd3 0-0 8. Qc2 Re8+ 9. Ne2 h5 10. 0-0 h4 11. Bf4 h3 12. g3 Na6 13. Rae1 Nc7 14. Bxd6 Qxd6 15. Nf4 Rxe1 16. Rxe1 g5 17. Bc4 f5 18. Nxh3 Qh6 19. Re7 Nd5 20. Bxd5 cxd5 21. Re8+ Kh7 22. Qe2 f4 23. Qe5 f6 24. Qxd5 Qg6 25. Rxc8 Qb1+ 26. Kg2 Rxc8 27. Qxb7+ 1-0

[Event "Sarajevo Agentlocator"]
[Site "Sarajevo"]
[Date "2024.12.22"]
[Round "10"]
[White "Trkulja, Goran"]
[Black "Stojanovic, Dalibor"]
[Result "0-1"]
[WhiteElo "2247"]
[BlackElo "2446"]
[PlyCount "84"]
[EventDate "2024.12.20"]
[EventType "tourn (rapid)"]
[EventRounds "11"]
[EventCountry "BIH"]
[EventCategory "7"]
[SourceTitle "CB52_2024"]
[SourceDate "2024.12.25"]
[SourceVersion "1"]
[SourceVersionDate "2024.12.25"]
[SourceQuality "1"]

1. Nf3 Nf6 2. c4 g6 3. b3 Bg7 4. Bb2 0-0 5. g3 d6 6. d4 c6 7. Bg2 Bf5 8. Nbd2 a5 9. a3 Na6 10. Nh4 Bg4 11. h3 Bc8 12. e4 e5 13. 0-0 Nd7 14. Nhf3 exd4 15. Bxd4 Ne5 16. Qc2 Nc5 17. Rad1 Re8 18. Nxe5 Bxe5 19. Nf3 Bxd4 20. Rxd4 Qb6 21. Rb1 f5 22. Rxd6 Nxe4 23. Rd4 Be6 24. b4 axb4 25. axb4 Ra3 26. c5 Qc7 27. Rd3 Ra2 28. Rb2 Ra1+ 29. Rd1 Rxd1+ 30. Qxd1 Bd5 31. Qd4 Nxg3 32. fxg3 Bxf3 33. Qc4+ Kf8 34. Kh2 Bxg2 35. Rxg2 Re4 36. Qc3 Qe5 37. Qa3 Kg7 38. Qa8 f4 39. Qxb7+ Kh6 40. Qxc6 fxg3+ 41. Kh1 Re1+ 42. Rg1 Rxg1+ 0-1

[Event "Bundesliga 2425"]
[Site "Germany"]
[Date "2024.12.01"]
[Round "4.5"]
[White "Stojanovic, Dalibor"]
[Black "Buckels, Valentin"]
[Result "1/2-1/2"]
[WhiteElo "2448"]
[BlackElo "2448"]
[PlyCount "73"]
[EventDate "2024.09.28"]
[EventType "team-tourn"]
[EventRounds "15"]
[EventCountry "GER"]
[SourceTitle "CB49_2024"]
[SourceDate "2024.12.04"]
[SourceVersion "1"]
[SourceVersionDate "2024.12.04"]
[SourceQuality "1"]
[WhiteTeam "Deggendorf"]
[BlackTeam "Muelheim Nord"]
[WhiteTeamCountry "GER"]
[BlackTeamCountry "GER"]

1. e4 e5 2. Nf3 Nc6 3. Bc4 Bc5 4. d3 Nf6 5. Nc3 d6 6. Bg5 h6 7. Bxf6 Qxf6 8. Nd5 Qd8 9. c3 Ne7 10. d4 Nxd5 11. dxc5 Nf4 12. g3 Nh3 13. cxd6 Qxd6 14. Qxd6 cxd6 15. Nh4 Be6 16. Bb3 Rd8 17. f3 g5 18. Nf5 Bxf5 19. exf5 h5 20. Kf1 Ke7 21. Kg2 g4 22. fxg4 hxg4 23. f6+ Kd7 24. Bxf7 Rdf8 25. Bb3 Rxf6 26. Raf1 Rhf8 27. Rxf6 Rxf6 28. Rf1 Rxf1 29. Kxf1 Ng5 30. Bd1 Nf3 31. h3 d5 32. Bxf3 gxf3 33. Kf2 e4 34. h4 Ke6 35. h5 Kf5 36. g4+ Kg5 37. Kg3 1/2-1/2

[Event "Srpska Republic-ch 23rd"]
[Site "Banja Luka"]
[Date "2024.11.23"]
[Round "5"]
[White "Stojanovic, Dalibor"]
[Black "Savanovic, Aleksandar"]
[Result "1/2-1/2"]
[WhiteElo "2446"]
[BlackElo "2354"]
[PlyCount "62"]
[EventDate "2024.11.21"]
[EventType "swiss"]
[EventRounds "7"]
[EventCountry "BIH"]
[SourceTitle "CB48_2024"]
[SourceDate "2024.11.28"]
[SourceVersion "1"]
[SourceVersionDate "2024.11.28"]
[SourceQuality "1"]

1. e4 e5 2. Nf3 Nc6 3. Bb5 a6 4. Ba4 Nf6 5. d3 d6 6. c3 g6 7. 0-0 Bg7 8. Re1 0-0 9. Nbd2 Re8 10. Nf1 b5 11. Bb3 Na5 12. Bc2 c5 13. Bg5 h6 14. Bh4 Be6 15. Ne3 Qc7 16. a3 Ng4 17. Nf1 Nf6 18. Bxf6 Bxf6 19. Ne3 c4 20. d4 Bg5 21. Nxg5 hxg5 22. Qd2 Kg7 23. Nf5+ Kf6 24. Ne3 Kg7 25. a4 Rh8 26. axb5 axb5 27. Ra3 Nb3 28. Bxb3 Rxa3 29. bxa3 cxb3 30. d5 Bd7 31. Rb1 f5 1/2-1/2

[Event "Srpska Republic-ch 23rd"]
[Site "Banja Luka"]
[Date "2024.11.22"]
[Round "4"]
[White "Jakovljevic, Vlado"]
[Black "Stojanovic, Dalibor"]
[Result "1/2-1/2"]
[WhiteElo "2352"]
[BlackElo "2446"]
[PlyCount "26"]
[EventDate "2024.11.21"]
[EventType "swiss"]
[EventRounds "7"]
[EventCountry "BIH"]
[SourceTitle "CB48_2024"]
[SourceDate "2024.11.28"]
[SourceVersion "1"]
[SourceVersionDate "2024.11.28"]
[SourceQuality "1"]

1. Nf3 Nf6 2. c4 g6 3. d4 Bg7 4. g3 0-0 5. Bg2 d6 6. Nc3 c6 7. 0-0 Bf5 8. Ne1 Be6 9. b3 d5 10. cxd5 Nxd5 11. Nxd5 cxd5 12. e3 Nc6 13. Nd3 Bf5 1/2-1/2

[Event "Srpska Republic-ch 23rd"]
[Site "Banja Luka"]
[Date "2024.11.22"]
[Round "4"]
[White "Jakovljevic, Vlado"]
[Black "Stojanovic, Dalibor"]
[Result "1/2-1/2"]
[WhiteElo "2352"]
[BlackElo "2446"]
[PlyCount "40"]
[EventDate "2024.11.21"]
[EventType "swiss"]
[EventRounds "7"]
[EventCountry "BIH"]
[SourceTitle "CB48_2024"]
[SourceDate "2024.11.28"]
[SourceVersion "1"]
[SourceVersionDate "2024.11.28"]
[SourceQuality "1"]

1. Nf3 Nf6 2. c4 g6 3. d4 Bg7 4. g3 0-0 5. Bg2 d6 6. Nc3 c6 7. 0-0 Bf5 8. Ne1 Be6 9. b3 d5 10. cxd5 Nxd5 11. Nxd5 cxd5 12. e3 Nc6 13. Nd3 Bf5 14. Nf4 e5 15. dxe5 Bxe5 16. Ba3 Re8 17. Nxd5 Qa5 18. Bd6 Rad8 19. b4 Qa3 20. Bxe5 Rxe5 1/2-1/2

[Event "Srpska Republic-ch 23rd"]
[Site "Banja Luka"]
[Date "2024.11.22"]
[Round "3"]
[White "Stojanovic, Dalibor"]
[Black "Sikman, Drago"]
[Result "1-0"]
[WhiteElo "2446"]
[BlackElo "1972"]
[PlyCount "74"]
[EventDate "2024.11.21"]
[EventType "swiss"]
[EventRounds "7"]
[EventCountry "BIH"]
[SourceTitle "CB48_2024"]
[SourceDate "2024.11.28"]
[SourceVersion "1"]
[SourceVersionDate "2024.11.28"]
[SourceQuality "1"]

1. e4 c5 2. Nc3 Nc6 3. Bb5 g6 4. Bxc6 bxc6 5. d3 Bg7 6. f4 d6 7. Nf3 Bg4 8. 0-0 Nf6 9. Qe1 Bxf3 10. Rxf3 Nd7 11. b3 e5 12. f5 g5 13. f6 Bxf6 14. Qf2 Qe7 15. Rf5 h6 16. Be3 Bg7 17. Rf1 f6 18. Ne2 d5 19. Qf3 d4 20. Bc1 Nf8 21. Ng3 Ne6 22. Qh5+ Kd7 23. Rxe5 Qe8 24. Qxe8+ Raxe8 25. Ref5 h5 26. h4 gxh4 27. Nxh5 Rhg8 28. Rxf6 Bxf6 29. Nxf6+ Ke7 30. Nxg8+ Rxg8 31. Kh2 Rg3 32. Rf5 Rg4 33. Bd2 a6 34. a4 Kd6 35. Be1 Ng5 36. a5 Ne6 37. Kh3 Rf4 1-0

[Event "Srpska Republic-ch 23rd"]
[Site "Banja Luka"]
[Date "2024.11.21"]
[Round "2"]
[White "Ivanovic, Milan J"]
[Black "Stojanovic, Dalibor"]
[Result "0-1"]
[WhiteElo "1952"]
[BlackElo "2446"]
[PlyCount "77"]
[EventDate "2024.11.21"]
[EventType "swiss"]
[EventRounds "7"]
[EventCountry "BIH"]
[SourceTitle "CB48_2024"]
[SourceDate "2024.11.28"]
[SourceVersion "1"]
[SourceVersionDate "2024.11.28"]
[SourceQuality "1"]

1. e4 g6 2. d4 Bg7 3. Nf3 d6 4. Nc3 a6 5. Bf4 Bg4 6. Be2 Nc6 7. d5 Bxf3 8. Bxf3 Ne5 9. Be2 c6 10. 0-0 Rc8 11. Qd2 cxd5 12. Nxd5 Nd7 13. c3 Ngf6 14. Nxf6+ Bxf6 15. Bg4 h5 16. Bxd7+ Qxd7 17. Be3 Rc4 18. f3 0-0 19. Rac1 Rfc8 20. Rfd1 Qc6 21. Qd5 b5 22. Qxc6 R8xc6 23. Kf2 b4 24. cxb4 Bxb2 25. Rxc4 Rxc4 26. Bd2 Ba3 27. Rb1 Rc2 28. Ke1 Rxa2 29. b5 axb5 30. Rxb5 Bc5 31. Rb1 f5 32. exf5 gxf5 33. Ke2 Kf7 34. Kd3 e5 35. Rb3 e4+ 36. fxe4 fxe4+ 37. Kxe4 Rxd2 38. Rf3+ Ke6 39. Rh3 0-1

[Event "SRB-chT Premier"]
[Site "Bajina Basta"]
[Date "2024.10.01"]
[Round "5.4"]
[White "Stojanovic, Dalibor"]
[Black "Nestorovic, Nikola"]
[Result "1-0"]
[WhiteElo "2448"]
[BlackElo "2458"]
[PlyCount "61"]
[EventDate "2024.09.27"]
[EventType "team-tourn"]
[EventRounds "11"]
[EventCountry "SRB"]
[SourceTitle "EXT 2025"]
[Source "ChessBase"]
[SourceDate "2024.10.14"]
[SourceVersion "1"]
[SourceVersionDate "2024.10.14"]
[SourceQuality "1"]
[WhiteTeam "Subotica Spartak"]
[BlackTeam "Belgrade PTT"]
[WhiteTeamCountry "SRB"]
[BlackTeamCountry "SRB"]

1. e4 c5 2. Nf3 Nc6 3. Bb5 e6 4. 0-0 Nge7 5. Nc3 a6 6. Bxc6 Nxc6 7. d4 cxd4 8. Nxd4 Qc7 9. Nxc6 Qxc6 10. Re1 Bb4 11. Qd4 Bxc3 12. bxc3 f6 13. Ba3 Kf7 14. e5 b5 15. Rad1 h5 16. Rd3 a5 17. Red1 Rh6 18. exf6 gxf6 19. Rg3 h4 20. Rg4 h3 21. Qe3 Rh4 22. Rd6 Qb7 23. gxh3 Rxg4+ 24. hxg4 b4 25. cxb4 axb4 26. Bb2 Rxa2 27. Qd4 Qf3 28. Qxb4 Ra6 29. Rd3 Qc6 30. Ba3 Ra4 31. Qf8+ 1-0

[Event "Olympiad-45"]
[Site "Budapest"]
[Date "2024.09.18"]
[Round "7.2"]
[White "Stojanovic, Dalibor"]
[Black "Macovei, Andrei"]
[Result "0-1"]
[WhiteElo "2448"]
[BlackElo "2464"]
[PlyCount "82"]
[EventDate "2024.09.11"]
[EventType "team-swiss"]
[EventRounds "11"]
[EventCountry "HUN"]
[SourceTitle "EXT 2025"]
[Source "ChessBase"]
[SourceDate "2024.10.14"]
[SourceVersion "1"]
[SourceVersionDate "2024.10.14"]
[SourceQuality "1"]
[WhiteTeam "Bosnia & Herzegovina"]
[BlackTeam "Moldova"]
[WhiteTeamCountry "BIH"]
[BlackTeamCountry "MDA"]

1. e4 e5 2. Nf3 Nc6 3. Bb5 a6 4. Ba4 Nf6 5. 0-0 d6 6. Bxc6+ bxc6 7. d4 exd4 8. Qxd4 Be7 9. e5 c5 10. Qf4 Nh5 11. Qe3 0-0 12. Nc3 d5 13. Rd1 d4 14. Qe2 Bb7 15. Nxd4 cxd4 16. Qxh5 c5 17. Qg4 f5 18. Qg3 Bh4 19. Qd3 Qc7 20. Ne2 Qxe5 21. Nf4 Rae8 22. Bd2 Qc7 23. Qc4+ Kh8 24. Re1 Re4 25. Rxe4 fxe4 26. g3 Be7 27. Re1 Bd6 28. Qe6 Qc6 29. Qh3 Kg8 30. c4 Bxf4 31. Bxf4 g5 32. Qg4 h6 33. Bxg5 hxg5 34. Qxg5+ Kf7 35. b4 cxb4 36. Qf5+ Qf6 37. Qh7+ Qg7 38. Qf5+ Kg8 39. Qe6+ Kh8 40. Qh3+ Qh7 41. Qe6 Qf5 0-1

[Event "BIH-chT 22nd"]
[Site "Neum"]
[Date "2024.09.04"]
[Round "5.3"]
[White "Stojanovic, Dalibor"]
[Black "Popovic, Zoran"]
[Result "1-0"]
[WhiteElo "2448"]
[BlackElo "2235"]
[PlyCount "49"]
[EventDate "2024.09.01"]
[EventType "team-tourn"]
[EventRounds "9"]
[EventCountry "BIH"]
[SourceTitle "EXT 2025"]
[Source "ChessBase"]
[SourceDate "2024.10.14"]
[SourceVersion "1"]
[SourceVersionDate "2024.10.14"]
[SourceQuality "1"]

1. e4 c6 2. d4 d5 3. e5 Bf5 4. c4 e6 5. Nc3 Ne7 6. Be3 Nd7 7. c5 b6 8. b4 a5 9. a3 axb4 10. axb4 Rxa1 11. Qxa1 bxc5 12. bxc5 Qb8 13. Nf3 h6 14. Be2 g5 15. 0-0 Bg7 16. h4 f6 17. exf6 Bxf6 18. Qc1 g4 19. Ne1 e5 20. Qd2 exd4 21. Bxd4 Bxd4 22. Qxd4 Qe5 23. Qxe5 Nxe5 24. Bd1 d4 25. Na4 1-0

[Event "BIH-chT 22nd"]
[Site "Neum"]
[Date "2024.09.02"]
[Round "2.3"]
[White "Kosic, Dragan"]
[Black "Stojanovic, Dalibor"]
[Result "1/2-1/2"]
[WhiteElo "2371"]
[BlackElo "2448"]
[PlyCount "26"]
[EventDate "2024.09.01"]
[EventType "team-tourn"]
[EventRounds "9"]
[EventCountry "BIH"]
[SourceTitle "EXT 2025"]
[Source "ChessBase"]
[SourceDate "2024.10.14"]
[SourceVersion "1"]
[SourceVersionDate "2024.10.14"]
[SourceQuality "1"]

1. d4 Nf6 2. Nf3 g6 3. Nbd2 Bg7 4. e4 d6 5. Bd3 0-0 6. 0-0 c5 7. c3 cxd4 8. cxd4 Na6 9. h3 Nd7 10. Nb3 e5 11. Bg5 Bf6 12. Bh6 Bg7 13. Bg5 Bf6 1/2-1/2